000 01633nam a2200349 i 4500
003 DO-SdBNP
005 20230912142706.0
006 a||||gr|||| 00| 0
007 ta
008 230912e2022 dr ad||| |||| 00| 0 spa d
020 _a978999945183795
040 _aDO-SdBNP
_bspa
_cBNPHU
_erda
082 4 _222
_bD671e
110 2 _aMinisterio de Relaciones Exteriores República Dominicana
_974195
_eautor
245 _aDominicanos en el exterior:
_bmediciones y datos del registro sociodemográfico 2021. /
_cCarlos de la Mota, Alicia Mercedes Torres, Lissa Pérez Patrocino, Luis Emilio Pou: compilación, Pablo Asencio García; edición, Mario Gallego Cosme
264 _a[Santo Domingo] :
_bBúho,
_c2023
300 _a89 páginas :
_bIlustraciones, gráficas ;
_c21 cm
336 _2rdacontent
_atexto
_btxt
337 _2rdamedia
_asinmediación
_bn
338 _2rdacarrier
_avolumen
_bnc
590 _aInventariado 2023 / MF
600 4 _aMota, Carlos de la,
_tpresentación
_984110
600 4 _aTorres, Alicia Mercedes.
_tDatos de Emigrantes y Diásporas de la República Dominicana en la Unión Europea.
_984111
600 4 _aPérez Patrocino, Lissa.
_tDatos de Emigrantes y Diásporas de la República Dominicana en Determinadas Demarcaciones de Europa, Asia, África y Oceanía
_984112
700 1 _4Mota, Carlos, de la,
_eautor
700 1 _aTorres, Alicia Mercedes,
_eautora
_984113
700 1 _aPérez Patrocino, Lissa,
_eautora
_984114
700 1 _aPou, Luis Emilio,
_eautor
_984115
700 1 _aAsencio García, Pablo,
_ecompilador
_984116
700 1 _dGallego Cosme, Mario
_eeditor
_984117
942 _2ddc
_cLBS1
999 _c54700
_d54700